Geomorfología

Saved in:
Bibliographic Details
Main Author: Viers, Georges (Author)
Format: Book
Language:Spanish
Published: Barcelona Oikos-Tau 1974
Series:Elementos de Geografía
Subjects:
Tags: Add Tag
No Tags, Be the first to tag this record!

MARC

LEADER 00000nam a2200000 a 4500
001 UCU4100
003 CL-VaPUC
008 960517e19740000SP |||||||||||||||||spa|d
082 0 4 |a 551.4  |b VIE  |2 21 
100 0 |a Viers, Georges  |e author  |9 361523 
245 1 0 |a Geomorfología 
300 |a 320 p 
942 |c BK 
945 |d 19960517 00:00:00  |a paguirre 
260 |a Barcelona  |b Oikos-Tau  |c 1974 
650 0 |a Geomorfología   |9 261377 
650 0 |a Geología   |9 260984 
650 0 |a Erosión del suelo  |9 361524 
650 0 |a Rocas  |9 266105 
650 0 |a Volcanes  |9 344502 
650 7 |a HIDROGRAFIA  |2 CL-VaPUC  |9 261115 
583 |a last modification  |c 19960517 00:00:00  |k Rodrigo Vera 
490 0 |a Elementos de Geografía 
999 |c 247921  |d 247919 
952 |0 0  |1 0  |4 0  |6 551_400000000000000_VIE_1974  |7 0  |8 A  |9 264180  |a BIBING  |b BIBING  |d 2019-11-19  |i 166140K  |o 551.4 VIE 1974  |p 166140K  |r 2025-01-20  |w 2019-11-19  |y BK  |k GEO